| 000 | 00450nam a2200169Ia 4500 | ||
|---|---|---|---|
| 003 | LK-CoDNM | ||
| 005 | 20240801131130.0 | ||
| 008 | 010623t1933 xxu||||| |||| 00| 1 eng d | ||
| 040 |
_aLK-CoDNM _dLK-CoDNM _eLK-CoDNM |
||
| 041 | _aeng | ||
| 080 |
_a8 _bOO15 |
||
| 100 | _aKale,M.R. | ||
| 245 | _aThe Malavikagnimitra of Kalidasa | ||
| 260 |
_bGopal Narayen and Company _aBombay _c1933 |
||
| 300 | _bxlix, 250p. : 260: 3rd ed ; 21 cm | ||
| 942 | _cBK | ||
| 999 |
_c96632 _d96632 |
||